Điều tra thực trạng, đề xuất các giải pháp quản lý, nâng cao chất lượng đào tạo lớp học tình thương trên địa bàn tỉnh Bình Dương
Gorde:
| Egile nagusia: | |
|---|---|
| Formatua: | Liburua |
| Hizkuntza: | Undetermined |
| Gaiak: | |
| Sarrera elektronikoa: | http://lrc.tdmu.edu.vn/opac/search/detail.asp?aID=2&ID=36619 |
| Etiketak: |
Etiketa erantsi
Etiketarik gabe, Izan zaitez lehena erregistro honi etiketa jartzen!
|
| Thư viện lưu trữ: | Trung tâm Học liệu Trường Đại học Thủ Dầu Một |
|---|
| LEADER | 00751nam a2200145Ia 4500 | ||
|---|---|---|---|
| 001 | TDMU_36619 | ||
| 008 | 210410s9999 xx 000 0 und d | ||
| 082 | |a 725.97089 | ||
| 100 | |a Trần, Kim Sang | ||
| 245 | 0 | |a Điều tra thực trạng, đề xuất các giải pháp quản lý, nâng cao chất lượng đào tạo lớp học tình thương trên địa bàn tỉnh Bình Dương | |
| 245 | 0 | |c Trần Kim Sang | |
| 300 | |a Tr.159-164 | ||
| 650 | |a Giáo dục; Bình Dương; Quản lý giáo dục; Chất lượng đào tạo; Bình đẳng giáo dục | ||
| 856 | |u http://lrc.tdmu.edu.vn/opac/search/detail.asp?aID=2&ID=36619 | ||
| 980 | |a Trung tâm Học liệu Trường Đại học Thủ Dầu Một | ||